- Bennis, Warren G.,
Entry Nombre Personal
001 - NUMERO DE CONTROL
- campo de control: 43104
003 - IDENTIFICADOR DE NUMERO DE CONTROL
- campo de control: DLC
005 - FECHA Y HORA DE LA ÜLTIMA TRANSACCIÓN
- campo de control: 20220511094805.0
008 - DATOS DE LONGITUD FIJA
- campo de control de longitud fija: 220511n| azannaabn |a aaa
010 ## - NÚMERO DE CONTROL DE LA BIBLIOTECA DEL CONGRESO
- Número de control LC: n 79059323
035 ## - NUMERO DE CONTROL
- Número de control: (OCoLC)oca00292365
040 ## - FUENTE DE CATALOGACIÓN
- Agencia original de catalogación: DLC
- Lenguaje de catalogación: spa
- Description conventions: rda
- Agencia de transcripción: DLC
- Agencia que lo modifica: DLC
- Agencia que lo modifica: CFCPL
- Agencia que lo modifica: DLC
- Agencia que lo modifica: InU
- Agencia que lo modifica: MX-MxUPN
046 ## - FECHAS CON CODIFICACIÓN ESPECIAL
- Fecha de nacimiento: 1925-03-08
- Fecha de muerte: 2014-07-31
- Fuente del formato de fecha: edtf
100 1# - ENCABEZAMIENTO - NOMBRE PERSONAL
- Nombre personal: Bennis, Warren G.,
- Fechas asociadas con el nombre: 1925-2014
370 ## - LUGAR ASOCIADO
- Place of birth: Bronx (New York, N.Y.)
- Place of death: Los Ángeles (California)
- Place of residence/headquarters: Westwood (N.J.)
- Place of residence/headquarters: Santa Mónica (California)
- Fuente del término: naf
372 ## - CAMPO DE ACTIVIDAD
- Field of activity: Gestión industrial
- Field of activity: Liderazgo
- Fuente del término: lcsh
373 ## - GRUPO ASOCIADO
- Associated group: University of Southern California
- Fuente del término: naf
- Start period: 1980
- Source of information: New York times (online), viewed Aug. 4, 2014
373 ## - GRUPO ASOCIADO
- Associated group: University of Cincinnati
- Fuente del término: naf
- Source of information: New York times (online), viewed Aug. 4, 2014
373 ## - GRUPO ASOCIADO
- Associated group: State University of New York at Buffalo
- Fuente del término: naf
- Source of information: New York times (online), visto Aug. 4, 2014
373 ## - GRUPO ASOCIADO
- Associated group: Instituto Tecnológico de Massachusetts
- Fuente del término: naf
373 ## - GRUPO ASOCIADO
- Associated group: Universidad de Boston
- Fuente del término: naf
- Source of information: New York times (online), visto Aug. 4, 2014
373 ## - GRUPO ASOCIADO
- Associated group: Universidad de Harvard
- Fuente del término: naf
- Source of information: New York times (online), visto Aug. 4, 2014
374 ## - OCUPACIÓN
- Occupation: Profesor universitario
- Occupation: Consultor empresarial
- Occupation: Consultor gubernamental
- Occupation: Administrador universitario
- Occupation: Presidente universitario
- Fuente del término: lcsh
375 ## - GÉNERO
- Gender: masculino
- Fuente del término: lcdgt
377 ## - LENGUA ASOCIADA
- Language code: eng
378 ## - FORMA COMPLETA DE NOMBRE PERSONAL
- Fuller form of personal name: Warren Gamaliel
400 1# - VEÁSE - NOMBRE DE PERSONA
- Personal name: Benisŭ, Wŏren G.
400 1# - VEÁSE - NOMBRE DE PERSONA
- Control subfield: nnea
- Personal name: Bennis, Warren G.,
- Dates associated with a name: 1925-
670 ## - FUENTE EN LA QUE SE LOCALIZARON DATOS
- Cita de la fuente: En su obra: The planning of change, c1961.
670 ## - FUENTE EN LA QUE SE LOCALIZARON DATOS
- Cita de la fuente: En su obra: Why leaders can't lead, 1989:
- Información localizada: CIP portada (Warren Bennis) hoja de datos (b. 3-8-25)
670 ## - FUENTE EN LA QUE SE LOCALIZARON DATOS
- Cita de la fuente: Widaehan iinjadŭl, 2000:
- Información localizada: portada (Wŏren Benisŭ)
670 ## - FUENTE EN LA QUE SE LOCALIZARON DATOS
- Cita de la fuente: 678 field information, Aug. 4, 2014:
- Información localizada: (Massachusetts Institute of Technology)
670 ## - FUENTE EN LA QUE SE LOCALIZARON DATOS
- Cita de la fuente: New York times (online), viewed Aug. 4, 2014:
- Información localizada: (in obituary published Aug. 1: Warren G. Bennis; b. Warren Gamaliel Bennis, Mar. 8, 1925, the Bronx; grew up in Westwood, N.J.; d. Thursday [July 31, 2014], Los Angeles, aged 89; lived in Santa Monica, Calif.; eminent scholar and author who advised presidents and business executives on his academic specialty, the essence of successful leadership)
670 ## - FUENTE EN LA QUE SE LOCALIZARON DATOS
- Cita de la fuente: OCLC, 23 Oct. 2018
- Información localizada: (hdg.: Bennis, Warren G.; Bennis, Warren G., 1925- ; usage: Warren Bennis; Warren G. Bennis)
902 ## - CATALOGADOR
- Catalogador: NDAF/220511
